[Riadenie vzťahov so zákazníkmi]

Recenzia na publikáciu Milana Oreského: Riadenie vzťahov so zákazníkmi. Publikácia prezentuje problematiku riadenia vzťahov so zákazníkmi na trhoch podnikateľských subjektov (Business-to Business) a problematiku riadenia vzťahov s kľúčovými zákazníkmi. Okrem logického a prehľadného teoretického rozp...

Descrizione completa

Salvato in:
Dettagli Bibliografici
Autore principale: Francová, Zuzana, 1971-
Natura: Capitolo di libro
Lingua:slovacco
Soggetti:
Tags: Aggiungi Tag
Nessun Tag, puoi essere il primo ad aggiungerne!!

MARC

LEADER 00000naa$a2200000$$$4500
001 0059266
005 20240502071647.2
041 0 |a slo 
044 |a SK 
245 1 0 |a [Riadenie vzťahov so zákazníkmi]  |c Zuzana Francová 
520 |a Recenzia na publikáciu Milana Oreského: Riadenie vzťahov so zákazníkmi. Publikácia prezentuje problematiku riadenia vzťahov so zákazníkmi na trhoch podnikateľských subjektov (Business-to Business) a problematiku riadenia vzťahov s kľúčovými zákazníkmi. Okrem logického a prehľadného teoretického rozpracovania problematiky obsahuje aj odporúčania, praktické postupy, príklady, prehľadné schémy a tabuľky. 
610 2 0 |a marketing 
610 2 0 |a riadenie vzťahov so zákazníkmi 
610 2 0 |a systém CRM 
610 2 0 |a manažment 
610 2 0 |a dodávatelia 
610 2 0 |a zákazníci 
610 2 0 |a plánovanie 
610 2 0 |a prognózovanie 
610 2 0 |a predaj 
610 2 0 |a náklady 
610 2 0 |a recenzie 
100 1 |a Francová, Zuzana, 1971-